Kalendarium: Polska, UE, NATO, terroryzm - Statystyki

Ogólne statystyki
  • Ten quiz został rozwiązany 21 razy
  • Średni wynik to 23 z 52
Statystyki odpowiedzi
wydarzenie data % Poprawnych
zamachy na World Trade Center i Pentagon w USA 11.09.2001
100%
wejście Polski do Unii Europejskiej 1.05.2004
67%
rozszerzenie UE o 10 państw 1.05.2004
67%
rozwiązanie Układu Warszawskiego 1.07.1991
67%
przystąpienie Polski do NATO 12.03.1999
67%
nawiązanie polsko-węgiersko-czechosłowackiej współpracy w ramach Trójkąta Wyszehradzkiego 15.02.1991
67%
podpisanie polsko-niemieckiego traktatu o dobrym sąsiedztwie 17.06.1991
67%
zawarcie przez Polskę umowy z EWG o współpracy gospodarczej i handlowej 19.09.1989
67%
koniec działalności Rady Wzajemnej Pomocy Gospodarczej 28.06.1991
67%
ogólnokrajowe referendum w sprawie wejścia Polski do UE - 1. dzień 7.06.2003
67%
ogólnokrajowe referendum w sprawie wejścia Polski do UE - 2. dzień 8.06.2003
67%
w katastrofie lotniczej pod Smoleńskiem ginie Lech Kaczyński z małżonką i 94 członkami delegacji polskiej oraz załogą samolotu 10.04.2010
50%
zakończenie negocjacji akcesyjnych Polska-UE na szczycie w Kopenhadze 13.12.2002
50%
podpisanie w Atenach traktatu o przystąpieniu Polski do UE 16.04.2003
50%
opuszczenie przez wojska rosyjskie terytorium Polski 18.09.1993
50%
atak sił koalicji na Irak, rozpoczęcie II wojny w zatoce perskiej 20.03.2003
50%
żołnierze jednostki GROM zdobywają platformę wiertniczą w Umm Kasr w Iraku - 1. dzień 20.03.2003
50%
śmierć Jana Pawła II w Watykanie po 27 latach pontyfikatu 2.04.2005
50%
żołnierze jednostki GROM zdobywają platformę wiertniczą w Umm Kasr w Iraku - 2. dzień 21.03.2003
50%
podpisanie polsko-rosyjskiego traktatu o dobrym sąsiedztwie 22.05.1992
50%
Lech Kaczyński zostaje prezydentem Polski 23.12.2005
50%
PiS wygrywa wybory parlamentarne 25.09.2005
50%
w wyborach parlamentarnych zwycięża Zjednoczona Prawica 25.10.2015
50%
utworzenie Komitetu Wspierania Współpracy Francusko-Niemiecko-Polskiej (Trójkąt Weimarski) - 1. dzień 28.08.1991
50%
utworzenie Komitetu Wspierania Współpracy Francusko-Niemiecko-Polskiej (Trójkąt Weimarski) - 2. dzień 29.08.1991
50%
opuszczenie UE przez UK 31.01.2020
50%
wprowadzenie do obiegu gotówkowego € 1.01.2002
33%
przyjęcie Bułgarii i Rumunii do UE 1.01.2007
33%
Polska obejmuje półroczną prezydencję w UE 1.07.2011
33%
przystąpienie Chorwacji do UE 1.07.2013
33%
podpisanie traktatu lizbońskiego 13.12.2007
33%
podpisanie układu o stowarzyszeniu Polski ze Wspólnotami Europejskimi 16.12.1991
33%
zabicie przywódcy Al-Kaidy, Osamy bin Ladena, przez siły amerykańskie 2011
33%
w przedterminowych wyborach parlamentarnych zwyciężą PO 21.10.2007
33%
referendum w UK ws. członkostwa w UE 23.06.2016
33%
podpisanie traktatu nicejskiego 26.02.2001
33%
egzekucja Saddama Husajna 30.12.2006
33%
bitwa żołnierzy Wojska Polskiego w Karbali - start 3.04.2004
33%
bitwa żołnierzy Wojska Polskiego w Karbali - koniec 6.04.2004
33%
Bronisław Komorowski zostaje prezydentem Polski 6.08.2010
33%
Andrzej Duda zostaje prezydentem Polski 6.08.2015
33%
atak sił koalicyjnych na Afganistan, rozpoczęcie wojny z terroryzmem 7.10.2001
33%
podpisanie Karty Praw Podstawowych Unii Europejskiej 7.12.2000
33%
PO wygrywa po raz 2. z rzędu wybory parlamentarne 9.10.2011
33%
pierwsze przypadki COVID-19 w UE 01.2020
17%
wybuch epidemii COVID-19 w Chinach 11.2019
17%
początek wielkiego światowego kryzysu finansowego 15.09.2008
17%
prezydent USA Barack Obama ogłasza zakończenie amerykańskiej misji wojskowej w Iraku 15.12.2011
17%
powstanie samozwańczego Państwa Islamskiego w Iraku i Syrii 2014
17%
kryzys migracyjny w Europie 2015
17%
Donald Tusk zostaje przewodniczącym Rady Europejskiej 30.08.2014
17%
wycofanie się ostatnich sił amerykańskich z Afganistanu 30.08.2021
17%
Nie znaleziono quizów pasujących do podanych kryteriów
Rozkład punktacji
Procent ludzi z każdym wynikiem
Percentyl według liczby udzielonych odpowiedzi
Twoja historia wyników
Nie rozwiązałeś tego quizu